| 000 | 00741nam a22002417a 4500 | ||
|---|---|---|---|
| 003 | LK-CoDNM | ||
| 005 | 20241219142446.0 | ||
| 008 | 241219b |||||||| |||| 00| 0 eng d | ||
| 040 |
_aLK-CoDNM _dLK-CoDNM _eLK-CoDNM |
||
| 041 | _aeng | ||
| 080 |
_a2 _bI10 |
||
| 100 | _aWOODWARD,BB | ||
| 245 |
_aCATALOGUE OF SPECIES OF PISIDIUM IN THE COLLECTION OF THE BRITISH MUSEUM WITH NOTES ON THOSEOF WESETERN _bEUROPE |
||
| 260 |
_bLONDON _c1913 |
||
| 300 | _aVII, 144 P. : XXX ill ;23 CM | ||
| 490 | _vPART 1 | ||
| 650 | _aCATALOGUE OF SPECIES OF PISIDIUM IN THE COLLECTION OF THE BRITISH MUSEUM WITH NOTES ON THOSEOF WESETERN | ||
| 650 | _aWOODWARD,BB | ||
| 650 | _a2 I10 | ||
| 650 | _aSCIENCE | ||
| 700 | _aKOBELT,W | ||
| 942 | _cBK | ||
| 999 |
_c233705 _d233705 |
||